Renewable Energy and Environment : Proceeding of the National Solar Energy Convention- 1989,Udaipur- Rajastan / (Record no. 9864)
[ view plain ]
| 000 -LEADER | |
|---|---|
| fixed length control field | 00509cam a2200169ua 4500 |
| 003 - CONTROL NUMBER IDENTIFIER | |
| control field | OSt |
| 008 - FIXED-LENGTH DATA ELEMENTS--GENERAL INFORMATION | |
| fixed length control field | 240203b |||||||| |||| 00| 0 eng d |
| 020 ## - INTERNATIONAL STANDARD BOOK NUMBER | |
| ISBN | 81-85167-32-X |
| 041 ## - LANGUAGE CODE | |
| Language code of text/sound track or separate title | eng |
| 082 ## - DEWEY DECIMAL CLASSIFICATION NUMBER | |
| Classification number | 621.47 |
| Item number | MAT/RE |
| 245 00 - TITLE STATEMENT | |
| Title | Renewable Energy and Environment : Proceeding of the National Solar Energy Convention- 1989,Udaipur- Rajastan / |
| 260 ## - PUBLICATION, DISTRIBUTION, ETC. (IMPRINT) | |
| Place of publication | New Delhi : |
| Name of publisher | Himanshu Publications , |
| Year of publication | 1990. |
| 300 ## - PHYSICAL DESCRIPTION | |
| Number of Pages | 522 ; . |
| 700 1# - ADDED ENTRY--PERSONAL NAME | |
| Personal name | Mathur A. N. . |
| 700 1# - ADDED ENTRY--PERSONAL NAME | |
| Personal name | Rathode N. S . |
| 942 ## - ADDED ENTRY ELEMENTS (KOHA) | |
| Koha item type | Books |
| Withdrawn status | Lost status | Damaged status | Home library | Current library | Date acquired | Full call number | Accession Number | Koha item type | Collection code | Shelving location |
|---|---|---|---|---|---|---|---|---|---|---|
| KAUAET | KAUAET | 07/04/2012 | 028.74621 | 18120 | Reference | |||||
| KAUAET | KAUAET | 07/04/2012 | 621.47 MAT/RE | 19467 | Books | Non-fiction | Shelf- 13A | |||
| KAUAET | KAUAET | 07/04/2012 | 62147 MAT/RE | 18667 | Books | Non-fiction | Shelf- 7A |
